| 000 | 01027cam a22002774a 4500 | ||
|---|---|---|---|
| 001 | 14247917 | ||
| 005 | 20250224105831.0 | ||
| 008 | 060130s2006 caua b 001 0 eng | ||
| 010 | _a 2006002939 | ||
| 020 | _a9781412939799 | ||
| 040 |
_aDLC _cKCST |
||
| 042 | _apcc | ||
| 050 | 0 | 0 |
_aHD31 _b.M628 2006 |
| 082 | 0 | 0 |
_a658.4 _222 |
| 100 | 1 |
_aMorgan, Gareth, _d1943- _94553 |
|
| 245 | 1 | 0 |
_aImages of organization / _cGareth Morgan. |
| 250 | _aUpdated ed. | ||
| 260 |
_aThousand Oaks : _bSage Publications, _cc2006. |
||
| 300 |
_axv, 504 p. : _bill. ; _c23 cm. |
||
| 504 | _aIncludes bibliographical references (p. 423-473) and index. | ||
| 650 | 0 |
_aOrganization. _91723 |
|
| 650 | 0 |
_aOrganizational behavior. _91289 |
|
| 856 | 4 | 1 |
_3Table of contents only _uhttp://www.loc.gov/catdir/toc/ecip067/2006002939.html |
| 856 | 4 | 2 |
_3Publisher description _uhttp://www.loc.gov/catdir/enhancements/fy0659/2006002939-d.html |
| 856 | 4 | 2 |
_3Contributor biographical information _uhttp://www.loc.gov/catdir/enhancements/fy0734/2006002939-b.html |
| 999 |
_c450 _d450 |
||